000 02766nam a2200277 i 4500
003 DO-SdBPM
005 20260421090312.0
007 ta
008 230426e2012 dr ||||gr|||| 00| 0 spa d
040 _aDO-SdBPM
_bspa
_cBPMSU
_erda
_d
082 4 _a348.022
_bP273e 2012
_222
110 2 _aPartido Revolucionario Dominicano
245 1 0 _aEstatutos generales :
_bAprovados por la XXI convención nacional extraordinaria de fecha 28 de noviembre de 2004 y modificados en la XXIII convención nacional extraordinaria de fecha 16 de julio de 2005. /
246 1 3 _aEstatutos generales del PRD
264 _aSanto Domingo :
_bComisión de Reforma Estatutaria,
_c2012
300 _a100 páginas :
_c20 cm.
336 _2rdaconten
_atexto
_btxt
337 _2rdamedia
_asin medición
_bn
338 _2rdamedia
_avolumen
_bnc
505 0 _aCapítulo I. Disposiciones Generales.-- Capítulo II. De los Simpatizantes, Militantes y Dirigentes.-- Capítulo III. De la Organización Nacional del Partido.-- Capítulo IV. De la Convención Nacional.-- Capítulo V. Del Pleno Nacional de Dirigentes.-- Capítulo VI. Del Comité Ejecutivo Nacional.-- Capítulo VII. De la Comisión Política del Comité Ejecutivo Nacional.-- Capítulo VIII. Del Presidium.-- Capítulo IX. Del Congreso y del Plebiscito.-- Capítulo X. De la Comisión Nacional Consultiva.-- Capítulo XI. De las Comisiones de Control y de los Consejos de Disciplina.-- Capítulo XII. De la Presidencia del Partido.-- Capítulo XIII. De la Secretaría General.-- Capítulo XIV. De las Secretarías Nacionales y la Comisión Conjunta.-- Capítulo XV. De los Departamentos Nacionales.-- Capítulo XVI. De los Consejos Regionales y su Clasificación.-- Capítulo XVII. De los Comités Provinciales y sus Convenciones.-- Capítulo XVIII. De la Organización del Distrito Nacional de los Municipios de la Provincia Santo Domingo, del Municipio de Santiago y sus Convenciones.-- Capítulo XIX. De los Municipios No Zonificados y de sus Convenciones.-- Capítulo XX. De los Municipios No Zonificados, de Distritos Municipales y de sus Convenciones.-- Capítulo XXI. De los Comités de Colegios Electorales.-- Capítulo XXII. De las Seccionales del Exterior.-- Capítulo XXIII. De los Organismos Sectoriales Especializados.-- Capítulo XXIV. De las Fianzas del Partido y de su Control.-- Capítulo XXV. De las Elecciones para Puestos Dirigenciales en el Partido, de las Postulaciones para Cargos Públicos de Elecciones Populares y de la Representación Sectorial en los Organismos
590 _aInventariado 2026 / VM
610 1 7 _a Partido Revolucionario Dominicano (PRD)
_tEstatutos
_y2005
650 7 _a Partidos políticos
_zRepública Dominicana
910 _aVMateo V. Control de calidad. BPMSU
942 _2ddc
_cBK
999 _c15785
_d15785